000 00205 a2200097 4500
001 35136
100 _aG H A
245 _aAur Election Na Husakey
260 _aLahore
_bJang Pub
_c
090 _c23280
_d23280
942 _aNUST-CAE
_cM
_c14759
999 _c270209
_d270209